| 000 | 00934cab a2200253 4500 | ||
|---|---|---|---|
| 001 | WB3301-69 | ||
| 008 | 090401t1996 xxu||||| |||| 00| 0 eng d | ||
| 035 | _a(Sirsi) u13261 | ||
| 041 | _aeng | ||
| 245 | _aNegligence | ||
| 260 | _c1996 | ||
| 350 | _a0 | ||
| 490 |
_aEstates Gazette Case Summaries _v(1996) EGCS 198 (14/12/96) |
||
| 520 | _a"Costa v Gentra Ltd" CA 28 November 1996. New evidence did not show that there had been a negligent sale at undervalue. The agents had marketed the property in a way that would have obtained the best market price. Also, there was no evidence of a promise by the defendant to lend the plaintiff £500,000. Guarantors appeal dismissed. | ||
| 650 | _aCOSTA V GENTRA | ||
| 650 | _aFORCED SALE VALUE | ||
| 650 | _aNEGLIGENCE | ||
| 650 | _aOPEN MARKET VALUE | ||
| 650 | _aPROPERTY SALE | ||
| 650 | _aRECEIVERS | ||
| 690 | _aRATING AND VALUATION | ||
| 942 | _n0 | ||
| 948 | _c04/03/1997 | ||
| 999 |
_c8539 _d8539 |
||